A first course in differential equations with modeling applications (Record no. 554043)
[ view plain ]
| 000 -LEADER | |
|---|---|
| fixed length control field | 00397nam a22001457a 4500 |
| 020 ## - INTERNATIONAL STANDARD BOOK NUMBER | |
| International Standard Book Number | 81-315-2282-2 |
| 082 ## - DEWEY DECIMAL CLASSIFICATION NUMBER | |
| Classification number | 515.35 |
| Author Mark | ZIL |
| 100 ## - MAIN ENTRY--PERSONAL NAME | |
| Personal name | Zill, Dennis G |
| 9 (RLIN) | 1266 |
| 245 ## - TITLE STATEMENT | |
| Title | A first course in differential equations with modeling applications |
| 250 ## - EDITION STATEMENT | |
| Edition statement | 10th |
| 260 ## - PUBLICATION, DISTRIBUTION, ETC. | |
| Place of publication, distribution, etc. | Melbourne, |
| Name of publisher, distributor, etc. | Cengage, |
| Date of publication, distribution, etc. | 2017. |
| 300 ## - PHYSICAL DESCRIPTION | |
| Extent | 384p. |
| 526 ## - STUDY PROGRAM INFORMATION NOTE | |
| Program name | 0 |
| Interest level | 1 |
| Reading level | 0 |
| Title point value | 515_350000000000000_ZIL |
| 942 ## - ADDED ENTRY ELEMENTS (KOHA) | |
| Source of classification or shelving scheme | |
| Koha item type | Book |
| Withdrawn status | Lost status | Source of classification or shelving scheme | Damaged status | Not for loan | Permanent Location | Current Location | Date acquired | Total Checkouts | Total Renewals | Full call number | Barcode | Date last seen | Date last checked out | Price effective from | Koha item type |
|---|---|---|---|---|---|---|---|---|---|---|---|---|---|---|---|
| Military College of Engineering (MCE) | Military College of Engineering (MCE) | 02/22/2018 | 1 | 1 | 515.35 ZIL | MCE-50567 | 04/04/2018 | 04/04/2018 | 02/22/2018 | Book |
